[Event "European Blitz 2022"]
[Site "Katowice POL"]
[Date "2022.12.16"]
[Round "18.6"]
[White "Vogel, Roven"]
[Black "Lagarde, Maxime"]
[Result "1-0"]
[WhiteTitle "IM"]
[BlackTitle "GM"]
[WhiteElo "2463"]
[BlackElo "2584"]
[WhiteFideId "12908088"]
[BlackFideId "662399"]
[EventDate "2022.12.16"]

1. d4 f5 2. g3 Nf6 3. Bg2 g6 4. c3 Bg7 5. Qb3 Nc6 6. h4 e6 7. Nh3 O-O 8. Nf4 d5
9. Nd2 Ne4 10. Nf3 Rb8 11. Nd3 b5 12. O-O a5 13. Be3 a4 14. Qc2 Bd7 15. b3 Ra8
16. c4 axb3 17. axb3 b4 18. cxd5 exd5 19. Nf4 Nc3 20. Rxa8 Qxa8 21. Bd2 Qa5 22.
Bxc3 bxc3 23. e3 Nb4 24. Qxc3 c6 25. Nd3 Rb8 26. Nc5 Be8 27. Ra1 Qb6 28. Ng5 Bf6
29. Nge6 Be7 30. Bf3 Bd6 31. Kg2 Be7 32. Nf4 Bd6 33. Be2 Be7 34. h5 Bd6 35. hxg6
hxg6 36. Nfe6 Be7 37. Ra4 Bf6 38. Qa1 Nc2 39. Qh1 Bg7 40. Ra6 Qb4 41. Ra7 Bf7
42. Nxg7 Kxg7 43. Qh4 Re8 44. Nd7 Qd6 45. Ne5 Rxe5 46. dxe5 Qxe5 47. Qd8 Ne1+
48. Kf1 Nc2 49. Qd7 Qf6 50. Rc7 Nb4 51. Qe7 Qxe7 52. Rxe7 Kf6 53. Rb7 c5 54. Rb5
Ke5 55. Rxc5 Kd6 56. Rb5 Na2 57. Rb8 Nc3 58. b4 Kc7 59. Rf8 Be6 60. Rf6 Kd6 61.
Rxg6 Ke7 62. Rg7+ Kd6 63. Bd3 Na2 64. b5 Nc1 65. Be2 Nb3 66. b6 1-0

[Event "European Blitz 2022"]
[Site "Katowice POL"]
[Date "2022.12.16"]
[Round "18.7"]
[White "Sahidi, Samir"]
[Black "Ziska, Helgi Dam"]
[Result "1/2-1/2"]
[WhiteTitle "IM"]
[BlackTitle "GM"]
[WhiteElo "2494"]
[BlackElo "2546"]
[WhiteFideId "14936372"]
[BlackFideId "7200595"]
[EventDate "2022.12.16"]

1. d4 Nf6 2. c4 g6 3. Nf3 Bg7 4. g3 O-O 5. Bg2 d6 6. O-O Nbd7 7. Nc3 e5 8. e4 b6
9. Re1 Bb7 10. h3 exd4 11. Nxd4 Re8 12. Nc2 Nc5 13. Bg5 h6 14. Bxf6 Bxf6 15. Qd2
Bxc3 16. bxc3 Bxe4 17. Nb4 a5 18. Nd5 c6 19. Ne3 h5 20. Rad1 Ra7 21. f3 Bd3 22.
Bf1 Bxf1 23. Nxf1 Rxe1 24. Rxe1 Re7 25. Rd1 Re6 26. h4 Qf6 27. Kg2 Na4 28. Rc1
Qe5 29. Rc2 Qe1 30. Qxe1 Rxe1 31. Kf2 Rd1 32. Ke2 Ra1 33. Kf2 Kf8 34. g4 hxg4
35. fxg4 Rb1 36. Nd2 Rb2 37. Rxb2 Nxb2 38. Ke3 Nd1+ 39. Kd4 c5+ 40. Kd5 Nxc3+
41. Kxd6 Nxa2 42. Kc6 a4 43. Kxb6 Nc3 44. Kxc5 a3 45. Kb4 a2 46. Nb3 Nb1 47. c5
f5 48. gxf5 gxf5 49. c6 Ke7 50. h5 Nd2 51. Na1 Ne4 52. h6 Ng5 53. Kc5 Kd8 54.
Kd5 f4 55. h7 Nxh7 56. Ke4 Kc7 57. Kxf4 Kxc6 58. Ke4 Kc5 59. Kd3 Kb4 60. Kc2 Ka3
61. Kc3 Nf6 62. Nc2+ Ka4 63. Kb2 Nd5 64. Kxa2 1/2-1/2

[Event "European Blitz 2022"]
[Site "Katowice POL"]
[Date "2022.12.16"]
[Round "18.9"]
[White "Pultinevicius, Paulius"]
[Black "Saraci, Nderim"]
[Result "1-0"]
[WhiteTitle "GM"]
[BlackTitle "IM"]
[WhiteElo "2561"]
[BlackElo "2468"]
[WhiteFideId "12809390"]
[BlackFideId "6351921"]
[EventDate "2022.12.16"]

1. d4 Nf6 2. Bf4 g6 3. c3 Bg7 4. Nd2 d5 5. Ngf3 O-O 6. h3 b6 7. e3 c5 8. Bd3 Nc6
9. O-O Bf5 10. Be2 c4 11. Ne5 Nxe5 12. Bxe5 b5 13. f3 b4 14. g4 Be6 15. Kg2 Qa5
16. Qc1 Nd7 17. Bxg7 Kxg7 18. e4 bxc3 19. Qxc3 Qxc3 20. bxc3 Nb6 21. a4 Rab8 22.
a5 Nc8 23. Rfb1 Nd6 24. Kf2 Rfc8 25. Ke3 Nb5 26. Rc1 Nc7 27. Rab1 Bd7 28. h4 e6
29. Nf1 Nb5 30. Ra1 Rc7 31. Kd2 Rcb7 32. Ne3 Bc6 33. exd5 exd5 34. Rcb1 Nc7 35.
Rxb7 Rxb7 36. Kc1 Nb5 37. Kd2 Re7 38. Rc1 Nc7 39. f4 Ne8 40. Bf3 Nf6 41. g5 Ne4+
42. Bxe4 Rxe4 43. Rf1 h6 44. Ng4 hxg5 45. hxg5 Bd7 46. Nf6 Re7 47. Nxd5 Re6 48.
Nf6 Bb5 49. Rb1 a6 50. Rh1 Kf8 51. Rh8+ Ke7 52. d5 Rd6 53. Ke3 1-0

[Event "European Blitz 2022"]
[Site "Katowice POL"]
[Date "2022.12.16"]
[Round "18.10"]
[White "Svane, Rasmus"]
[Black "Seo, Jung Min"]
[Result "1/2-1/2"]
[WhiteTitle "GM"]
[BlackTitle "IM"]
[WhiteElo "2622"]
[BlackElo "2502"]
[WhiteFideId "4657101"]
[BlackFideId "1734687"]
[EventDate "2022.12.16"]

1. Nf3 d5 2. g3 g6 3. Bg2 Bg7 4. d4 Nf6 5. O-O O-O 6. c4 c6 7. Qb3 a5 8. Rd1 a4
9. Qb4 dxc4 10. Qxc4 Be6 11. Qb4 Qc7 12. Bf4 Qc8 13. Qe1 Na6 14. e4 h6 15. Na3
Rd8 16. Qe2 b5 17. Nc2 Bc4 18. Qe1 c5 19. d5 b4 20. Ne3 Bb5 21. Rac1 Nxe4 22.
Ne5 Nf6 23. Nc6 Re8 24. Nc4 Bxc4 25. Rxc4 Qd7 26. Ne5 Qc8 27. Nc6 Qd7 28. Qe2 a3
29. b3 Nh5 30. Be3 Nf6 31. h4 h5 32. Bf4 Ng4 33. Qc2 Kh7 34. Bf3 Nh6 35. Bxh5
Nf5 36. Bg4 Nc7 37. Rxc5 Na6 38. Rc4 Kg8 39. h5 Rac8 40. hxg6 fxg6 41. Qe2 e6
42. Ne5 Bxe5 43. Qxe5 exd5 44. Rxc8 Rxc8 45. Rxd5 Qf7 46. Rd1 Re8 47. Qb5 Re6
48. Bf3 Nc7 49. Qc4 Re7 50. Qxb4 Ne6 51. Bd5 Rd7 52. Be5 Kh7 53. Qc4 Qe7 54. Kg2
Neg7 55. Rh1+ Nh5 56. Bg8+ Kh6 57. Bc3 Nxg3 58. fxg3 Qe3 59. Re1 Qxg3+ 60. Kf1
Qf3+ 61. Kg1 Qg3+ 62. Kf1 Qf3+ 63. Kg1 Qg3+ 1/2-1/2

[Event "European Blitz 2022"]
[Site "Katowice POL"]
[Date "2022.12.16"]
[Round "18.11"]
[White "Abdrlauf, Elham"]
[Black "Deac, Bogdan-Daniel"]
[Result "0-1"]
[WhiteTitle "IM"]
[BlackTitle "GM"]
[WhiteElo "2518"]
[BlackElo "2700"]
[WhiteFideId "1533533"]
[BlackFideId "1226380"]
[EventDate "2022.12.16"]

1. e4 c6 2. d4 d5 3. Nc3 a6 4. Nf3 Bg4 5. h3 Bh5 6. Be2 e6 7. O-O Nf6 8. Bg5 Be7
9. e5 Nfd7 10. Bxe7 Qxe7 11. Re1 O-O 12. Qd2 c5 13. dxc5 Bxf3 14. Bxf3 Qxc5 15.
Qf4 Nc6 16. Rad1 Qb4 17. Qg5 h6 18. Qg3 Qxb2 19. Bg4 Rad8 20. Rd3 Nc5 21. Rd2
Qb4 22. a3 Qa5 23. Qf3 Ne4 24. Rd3 Nxc3 25. Rxc3 d4 0-1

[Event "European Blitz 2022"]
[Site "Katowice POL"]
[Date "2022.12.16"]
[Round "18.12"]
[White "Grandelius, Nils"]
[Black "Krzyzanowski, Marcin"]
[Result "1/2-1/2"]
[WhiteTitle "GM"]
[BlackTitle "GM"]
[WhiteElo "2660"]
[BlackElo "2538"]
[WhiteFideId "1710400"]
[BlackFideId "1132199"]
[EventDate "2022.12.16"]

1. Nf3 d5 2. e3 g6 3. c4 c6 4. d4 Bg7 5. Nc3 Nf6 6. h3 O-O 7. Bd3 a5 8. O-O Na6
9. cxd5 cxd5 10. a3 Ne8 11. Bd2 e6 12. Nb5 Bd7 13. Rc1 Nac7 14. Nxc7 Nxc7 15.
Qb3 Bc6 16. Ne5 Bxe5 17. dxe5 Qd7 18. Qb6 a4 19. Rc5 Rfc8 20. Rfc1 Na6 21. R5c2
Nc7 22. Bb4 Ne8 23. h4 Ng7 24. Qd4 Qd8 25. Qf4 h5 26. Bd6 Ne8 27. Bb4 Ng7 28.
Qf6 Qxf6 29. exf6 Nf5 30. g3 Re8 31. Bxf5 gxf5 32. Be7 Kh7 33. Rd2 Kg6 34. Rd4
Rec8 35. Rb4 e5 36. f4 e4 37. Kf2 Re8 38. Rc5 Kh7 39. Bd6 Rg8 40. Be5 Rg6 41.
Rc1 Rag8 42. Rg1 Ra8 43. Bd4 Rgg8 44. Be5 Rg6 45. Rd4 Rgg8 46. Rd2 Rgc8 47. Rc2
Bb5 48. Rxc8 Rxc8 49. Bc3 Kg6 50. Rd1 Bd3 51. Rd2 Rc4 52. Rd1 1/2-1/2

[Event "European Blitz 2022"]
[Site "Katowice POL"]
[Date "2022.12.16"]
[Round "18.13"]
[White "Szpar, Milosz"]
[Black "Santos Latasa, Jaime"]
[Result "0-1"]
[WhiteTitle "IM"]
[BlackTitle "GM"]
[WhiteElo "2428"]
[BlackElo "2668"]
[WhiteFideId "1184989"]
[BlackFideId "2293307"]
[EventDate "2022.12.16"]

1. e4 c5 2. Nf3 e6 3. c3 Nf6 4. e5 Nd5 5. d4 cxd4 6. cxd4 d6 7. Bc4 Be7 8. O-O
O-O 9. Qe2 b6 10. Bd2 Bb7 11. Nc3 Nxc3 12. Bxc3 Nd7 13. Rfd1 Rc8 14. d5 Rxc4 15.
exd6 Bxd6 16. Qxc4 Bxd5 17. Qe2 Qa8 18. Nd2 Rc8 19. Nf1 Bf8 20. Ne3 Bc6 21. Rac1
Qb7 22. Ng4 Nc5 23. Nf6+ Kh8 24. Qh5 gxf6 25. Bxf6+ Bg7 26. Qh6 Bxf6 27. Qxf6+
Kg8 28. Qg5+ Kf8 29. Qh6+ Ke8 30. b4 Nd7 31. Qxh7 Bd5 32. Qg8+ Nf8 33. h4 Rxc1
34. Rxc1 Be4 35. h5 Qd7 36. h6 Bg6 37. Qg7 Ke7 38. Qe5 Qd2 39. Rc7+ Nd7 40. f4 0-1

[Event "European Blitz 2022"]
[Site "Katowice POL"]
[Date "2022.12.16"]
[Round "18.14"]
[White "Yuffa, Daniil"]
[Black "Samunenkov, Ihor"]
[Result "1/2-1/2"]
[WhiteTitle "GM"]
[BlackTitle "IM"]
[WhiteElo "2587"]
[BlackElo "2488"]
[WhiteFideId "24131423"]
[BlackFideId "14187086"]
[EventDate "2022.12.16"]

1. d4 d5 2. c4 e6 3. Nf3 Nf6 4. g3 dxc4 5. Bg2 c5 6. O-O Nc6 7. Qa4 Bd7 8. Qxc4
b5 9. Qd3 c4 10. Qd1 Rc8 11. Ne5 Be7 12. a4 a6 13. axb5 axb5 14. Nc3 b4 15. Nxd7
Qxd7 16. Na4 Rd8 17. Nb6 Qc7 18. Qa4 Qxb6 19. Qxc6+ Qxc6 20. Bxc6+ Kf8 21. Bf4
Nd5 22. Bd2 c3 23. bxc3 bxc3 24. Be1 Nb4 25. Ba4 Rc8 26. Rc1 c2 27. Bxb4 Bxb4
28. Rxc2 Rxc2 29. Bxc2 Ke7 30. Rb1 Rb8 31. h4 h5 32. e3 Bd6 33. Ra1 Rc8 34. Bd1
g6 35. Kg2 Rc7 36. Bf3 Rc8 37. Be2 Rc7 38. f4 Rc2 39. Kf3 Rc3 40. Rb1 Rc7 41.
Bd3 Rc3 42. Ke2 Rc7 43. Rb2 Ba3 44. Ra2 Bd6 45. e4 Bb4 46. Ra4 Bc3 47. Ke3 Be1
48. Kf3 Bc3 49. e5 Rd7 50. Ke4 Be1 51. Kf3 Bc3 52. Ke4 Be1 53. Bb5 Rb7 54. Bc6
Rc7 55. d5 exd5+ 56. Kxd5 Bxg3 57. Ra8 f6 58. Rh8 fxe5 59. fxe5 Bxh4 60. Rh7+
Kd8 61. Rh8+ Ke7 62. Rh7+ Kd8 63. Rh8+ Ke7 64. Rg8 Kf7 65. Rh8 Kg7 66. Ra8 Re7
67. e6 Bf6 68. Kd6 g5 69. Ra5 Kg6 70. Be4+ Kg7 1/2-1/2

[Event "European Blitz 2022"]
[Site "Katowice POL"]
[Date "2022.12.16"]
[Round "18.15"]
[White "Oleksiyenko, Mykhaylo"]
[Black "Manik, Mikulas"]
[Result "1/2-1/2"]
[WhiteTitle "GM"]
[BlackTitle "GM"]
[WhiteElo "2594"]
[BlackElo "2359"]
[WhiteFideId "4152417"]
[BlackFideId "14900734"]
[EventDate "2022.12.16"]

1. e4 c5 2. Nf3 d6 3. d4 cxd4 4. Nxd4 Nf6 5. Nc3 Nc6 6. f3 e5 7. Nb3 Be6 8. Be3
Be7 9. Nd5 Bxd5 10. exd5 Nb4 11. c4 a5 12. Qd2 b6 13. a3 Na6 14. O-O-O Nc5 15.
Nxc5 bxc5 16. g4 Rb8 17. Kb1 Qb6 18. Qc2 Nd7 19. h4 e4 20. f4 Bf6 21. Bc1 Bd4
22. Qxe4+ Kf8 23. Rh2 Nf6 24. Qf3 h5 25. g5 Ng4 26. Re2 g6 27. f5 Ne5 28. Rxe5
Bxb2 29. Re2 Bc3+ 30. Bb2 Bxb2 31. Ka2 Be5 32. Qd3 Qb2+ 33. Rxb2 Rxb2+ 34. Ka1
gxf5 1/2-1/2

[Event "European Blitz 2022"]
[Site "Katowice POL"]
[Date "2022.12.16"]
[Round "18.16"]
[White "Dragnev, Valentin"]
[Black "Kyc, Jerzy"]
[Result "0-1"]
[WhiteTitle "GM"]
[WhiteElo "2556"]
[BlackElo "2230"]
[WhiteFideId "1634852"]
[BlackFideId "1163922"]
[EventDate "2022.12.16"]

1. e4 c5 2. Nc3 Nc6 3. Nf3 a6 4. d4 cxd4 5. Nxd4 e6 6. Nxc6 bxc6 7. Qd3 d5 8.
Qg3 Nf6 9. Be2 d4 10. e5 dxc3 11. exf6 Qxf6 12. bxc3 Bc5 13. O-O O-O 14. Bg5 Qg6
15. Bd3 f5 16. Rfe1 h6 17. Bf4 Qxg3 18. hxg3 Ra7 19. Bc4 Re8 20. Rab1 Kf8 21.
Re5 Be7 22. Ra5 Bd8 23. Bd6+ Be7 24. Be5 Bd8 25. Rc5 Bd7 26. Bb8 Ra8 27. Bd6+
Be7 28. Bxe7+ Kxe7 29. Rb7 Reb8 30. Rxb8 Rxb8 31. Ra5 Bc8 32. Kf1 Rb6 33. Ke2
Kd6 34. f4 g5 35. Ke3 c5 36. Bb3 Bb7 37. Kf2 Bd5 38. Ra4 Bc6 39. Ra5 Bd5 40. Ra4
Rc6 41. c4 Be4 42. Ra3 e5 43. fxg5 hxg5 44. Ra5 f4 45. Ra3 Rb6 46. Ra5 Bb7 47.
Ra3 e4 48. gxf4 gxf4 49. Ra5 e3+ 50. Kf1 Be4 51. Ra3 Ke5 52. c3 Rg6 53. Ra5
Bxg2+ 54. Ke2 Be4 55. Rxc5+ Kd6 56. Ra5 Rg2+ 57. Ke1 f3 58. Rxa6+ Ke5 59. Ra5+ 0-1

[Event "European Blitz 2022"]
[Site "Katowice POL"]
[Date "2022.12.16"]
[Round "18.17"]
[White "Sebenik, Matej"]
[Black "Kazakouski, Valery"]
[Result "0-1"]
[WhiteTitle "GM"]
[BlackTitle "GM"]
[WhiteElo "2538"]
[BlackElo "2539"]
[WhiteFideId "14602296"]
[BlackFideId "13507443"]
[EventDate "2022.12.16"]

1. d4 Nf6 2. c4 e6 3. Nf3 d5 4. g3 dxc4 5. Bg2 c6 6. O-O b5 7. a4 Bb7 8. Ne5 a6
9. b3 cxb3 10. Bb2 Be7 11. Nd2 Qb6 12. Qxb3 Nbd7 13. Nd3 O-O 14. Rfc1 Rfc8 15.
Ne4 Nxe4 16. Bxe4 Rab8 17. a5 Qa7 18. Qc3 Bf6 19. Nc5 Nxc5 20. Qxc5 Qxc5 21.
Rxc5 Be7 22. Ba3 Bxc5 23. Bxc5 Rd8 24. e3 f6 25. f4 Kf7 26. Rc1 Ba8 27. Kf2 h5
28. Ke2 Rbc8 29. h3 Rd5 30. Bb6 Rd7 31. Bc5 g6 32. Rc2 Re8 33. Bb4 c5 34. Bxa8
cxb4 35. Be4 f5 36. Bf3 b3 37. Rb2 Rc8 38. Rxb3 Rc2+ 39. Kd3 Ra2 40. Rc3 Rxa5
41. Rc5 Ra3+ 42. Kd2 b4 43. Bd1 a5 44. Be2 Ra2+ 0-1

[Event "European Blitz 2022"]
[Site "Katowice POL"]
[Date "2022.12.16"]
[Round "18.18"]
[White "Gavrilescu, David"]
[Black "Schneider, Ilja"]
[Result "1-0"]
[WhiteTitle "IM"]
[BlackTitle "IM"]
[WhiteElo "2522"]
[BlackElo "2483"]
[WhiteFideId "1227190"]
[BlackFideId "4663306"]
[EventDate "2022.12.16"]

1. e4 Nc6 2. Nf3 f5 3. d3 d6 4. Nc3 e5 5. exf5 Nge7 6. d4 exd4 7. Nxd4 Nxd4 8.
Qxd4 Nxf5 9. Qd3 Be7 10. Nd5 O-O 11. Be2 c6 12. Nxe7+ Qxe7 13. O-O Be6 14. Bf4
d5 15. Rae1 Rae8 16. Be5 Nh4 17. Qd4 c5 18. Qd2 d4 19. Bg3 Nf5 20. Bb5 Rd8 21.
Bc4 Rf6 22. Qg5 h6 23. Rxe6 1-0

[Event "European Blitz 2022"]
[Site "Katowice POL"]
[Date "2022.12.16"]
[Round "18.19"]
[White "Spalir, Jernej"]
[Black "Bartel, Mateusz"]
[Result "0-1"]
[WhiteTitle "IM"]
[BlackTitle "GM"]
[WhiteElo "2377"]
[BlackElo "2627"]
[WhiteFideId "14606518"]
[BlackFideId "1112635"]
[EventDate "2022.12.16"]

1. d4 e6 2. c4 b6 3. e4 Bb7 4. Qc2 Nc6 5. Nf3 Nb4 6. Qe2 Be7 7. a3 Nc6 8. Nc3 d6
9. Be3 Nf6 10. h3 O-O 11. Qc2 Re8 12. Bd3 e5 13. d5 Nb8 14. O-O c5 15. b4 Nbd7
16. Rab1 Rc8 17. Ne1 Nf8 18. f4 exf4 19. Bxf4 Ng6 20. Bh2 Nd7 21. Nf3 a6 22.
Rbe1 b5 23. cxb5 cxb4 24. axb4 Bf6 25. e5 Ndxe5 26. Nxe5 Nxe5 27. Bxh7+ Kh8 28.
Qf5 g6 29. Bxg6 fxg6 30. Qxf6+ Qxf6 31. Rxf6 Rxc3 32. Bxe5 dxe5 33. bxa6 Bxd5
34. Rxg6 Rb3 35. Rd1 Be4 36. Rg4 Bf5 37. Rh4+ Kg7 38. Rc1 Re7 39. Ra1 Ra7 40.
Rc4 Bd3 41. Rc5 e4 42. Ra4 Rxa6 43. Rxa6 Bxa6 44. Rc7+ Kf8 45. Kf2 e3+ 46. Kf3
e2+ 47. Kf2 Rb1 0-1

[Event "European Blitz 2022"]
[Site "Katowice POL"]
[Date "2022.12.16"]
[Round "18.20"]
[White "Keinanen, Toivo"]
[Black "Kjartansson, Gudmundur"]
[Result "1-0"]
[WhiteTitle "IM"]
[BlackTitle "GM"]
[WhiteElo "2508"]
[BlackElo "2453"]
[WhiteFideId "509825"]
[BlackFideId "2301318"]
[EventDate "2022.12.16"]

1. d4 Nf6 2. Nf3 e6 3. e3 c5 4. Bd3 Nc6 5. O-O b6 6. c4 Bb7 7. Nc3 d6 8. d5 Nb4
9. e4 Nxd3 10. Qxd3 e5 11. Nh4 Nd7 12. Qg3 g6 13. f4 Be7 14. Nf3 Bf6 15. Nb5 Qb8
16. fxe5 Nxe5 17. Nxe5 Bxe5 18. Bf4 O-O 19. Nxd6 Bxf4 20. Qxf4 f6 21. e5 Qc7 22.
exf6 Rad8 23. f7+ Kg7 24. Nf5+ 1-0

[Event "European Blitz 2022"]
[Site "Katowice POL"]
[Date "2022.12.16"]
[Round "18.21"]
[White "Drozdowski, Kacper"]
[Black "Tisaj, Domen"]
[Result "1-0"]
[WhiteTitle "IM"]
[BlackTitle "FM"]
[WhiteElo "2448"]
[BlackElo "2396"]
[WhiteFideId "1136720"]
[BlackFideId "14628708"]
[EventDate "2022.12.16"]

1. e4 c5 2. Nf3 Nc6 3. Nc3 e5 4. Bc4 Be7 5. d3 Nf6 6. O-O O-O 7. a4 d6 8. h3 Be6
9. Bg5 Nd7 10. Bxe7 Nxe7 11. a5 Re8 12. a6 b6 13. Ng5 Ng6 14. Nxe6 fxe6 15. Nb5
Nf6 16. g3 Qd7 17. Nc3 d5 18. Bb5 Qf7 19. Bxe8 Rxe8 20. Nb5 Qd7 21. c4 d4 22. b4
cxb4 23. Qd2 h5 24. Qxb4 h4 25. Kg2 Nh7 26. Qd6 Qf7 27. f4 hxg3 28. f5 Nf4+ 29.
Rxf4 exf4 30. Nxd4 e5 31. Nf3 Qe7 32. Qxe7 Rxe7 33. Rb1 Kf7 34. Rb5 Kf6 35. Rd5
Nf8 36. Rd6+ Kf7 37. Rd8 Nh7 38. Rb8 g6 39. Rb7 gxf5 40. Nxe5+ Ke6 41. Nc6 Rd7
42. exf5+ Kd6 43. Rxd7+ Kxd7 44. Nxa7 1-0

[Event "European Blitz 2022"]
[Site "Katowice POL"]
[Date "2022.12.16"]
[Round "18.22"]
[White "Nasuta, Grzegorz"]
[Black "Alexakis, Dimitris"]
[Result "0-1"]
[WhiteTitle "GM"]
[BlackTitle "IM"]
[WhiteElo "2546"]
[BlackElo "2486"]
[WhiteFideId "1141686"]
[BlackFideId "4277023"]
[EventDate "2022.12.16"]

1. e4 c5 2. Nf3 Nc6 3. Bb5 g6 4. Bxc6 bxc6 5. d4 Ba6 6. dxc5 Bg7 7. Nbd2 Qa5 8.
Rb1 Qxa2 9. b4 Qe6 10. c4 Nf6 11. Qc2 O-O 12. O-O h6 13. Bb2 Nh5 14. Bxg7 Kxg7
15. Ra1 Bb7 16. Rfe1 f6 17. e5 Nf4 18. Qc3 Qg4 19. g3 Rf7 20. Re4 g5 21. Kh1 f5
22. Ree1 Ne6 23. Kg2 Qh5 24. h3 a6 25. Nd4 g4 26. Rh1 f4 27. hxg4 Qxg4 28. Rh4
Qg6 29. Nxe6+ dxe6 30. Qf3 Rf5 31. Rg4 Rg5 32. Rxg5 hxg5 33. gxf4 Rf8 34. Qg3
Rxf4 35. Re1 Qf5 36. Nf3 Rg4 0-1

[Event "European Blitz 2022"]
[Site "Katowice POL"]
[Date "2022.12.16"]
[Round "18.23"]
[White "Kosteniuk, Alexandra"]
[Black "Langheinrich, Ferenc"]
[Result "1-0"]
[WhiteTitle "GM"]
[BlackTitle "IM"]
[WhiteElo "2520"]
[BlackElo "2381"]
[WhiteFideId "4128125"]
[BlackFideId "4641973"]
[EventDate "2022.12.16"]

1. e4 g6 2. d4 Bg7 3. Nc3 d6 4. Be3 a6 5. a4 Nc6 6. Bc4 e6 7. f4 Nge7 8. Nf3 d5
9. Bd3 dxe4 10. Bxe4 Nd5 11. Bxd5 exd5 12. O-O O-O 13. Ne5 Ne7 14. Bf2 f6 15.
Nd3 a5 16. Re1 b6 17. Qf3 c6 18. g4 Qd7 19. h3 Ra7 20. Kh2 Ba6 21. Ne2 Nc8 22.
Ng3 Nd6 23. f5 Bc8 24. fxg6 hxg6 25. Nf4 Qf7 26. Re2 f5 27. g5 Ne4 28. h4 Ba6
29. Ree1 Re7 30. c3 Rfe8 31. Nxe4 fxe4 32. Qg3 Qf5 33. Be3 Rf8 34. Rg1 Ref7 35.
Rg2 Re7 36. Rf2 Ref7 37. Rg1 Qd7 38. Nxg6 Rf3 39. Nxf8 Rxg3 40. Nxd7 Rxe3 41.
Nf6+ Bxf6 42. gxf6+ Kf8 43. f7 Rf3 44. Rxf3 exf3 45. Kg3 Be2 46. Kf2 Kxf7 47. h5
Bd3 48. Kxf3 1-0

[Event "European Blitz 2022"]
[Site "Katowice POL"]
[Date "2022.12.16"]
[Round "18.24"]
[White "Fridman, Daniel"]
[Black "Haug, Havard"]
[Result "1/2-1/2"]
[WhiteTitle "GM"]
[WhiteElo "2602"]
[BlackElo "2044"]
[WhiteFideId "11600454"]
[BlackFideId "1547887"]
[EventDate "2022.12.16"]

1. Nf3 Nf6 2. g3 g6 3. d4 Bg7 4. Bg2 O-O 5. O-O d5 6. c4 c6 7. cxd5 cxd5 8. Nc3
Nc6 9. Ne5 e6 10. Nxc6 bxc6 11. Bg5 h6 12. Bf4 Nd7 13. Qd2 Kh7 14. Rac1 c5 15.
dxc5 Nxc5 16. Nxd5 Na4 17. Nf6+ Qxf6 18. Bxa8 Nxb2 19. Bc6 Ba6 20. Rc2 Nc4 21.
Qb4 e5 22. Bd5 Nb6 23. Bxe5 Qxe5 24. Bf3 Bc8 25. Rd1 Be6 26. Qa3 a5 27. Rc5 Nc4
28. Rxe5 Nxa3 29. Rxa5 Nc4 30. Ra8 Rxa8 31. Bxa8 Nb2 32. Ra1 Na4 33. Rd1 Bxa2
34. Rd2 Be6 35. Bd5 Bxd5 36. Rxd5 Nc3 37. Rd2 Bf6 38. f3 Kg7 39. e4 Nb5 40. Rd7
Kf8 41. f4 Be7 42. Kg2 f6 43. Kf3 Kf7 44. Rd5 Nc7 45. Ra5 Ne6 46. Ke3 g5 47. Kf3
h5 48. h4 gxh4 49. gxh4 Ng7 50. Ra7 f5 51. e5 Ke6 52. Ra6+ Kf7 53. Ra7 Ke6 54.
Kg3 Kf7 55. Ra8 Ke6 56. Rh8 Kf7 57. Rh6 Bf8 58. Rf6+ Ke8 59. Ra6 Kf7 60. Rf6+
Ke8 61. Ra6 Kf7 62. Ra7+ Be7 63. Rb7 Ke6 64. Ra7 1/2-1/2

[Event "European Blitz 2022"]
[Site "Katowice POL"]
[Date "2022.12.16"]
[Round "18.25"]
[White "Saric, Ante"]
[Black "Subelj, Jan"]
[Result "1-0"]
[WhiteTitle "GM"]
[BlackTitle "IM"]
[WhiteElo "2504"]
[BlackElo "2492"]
[WhiteFideId "14506254"]
[BlackFideId "14618583"]
[EventDate "2022.12.16"]

1. Nf3 d5 2. g3 Nd7 3. c4 dxc4 4. Qa4 a6 5. Nc3 Rb8 6. Qxc4 b5 7. Qb3 Bb7 8. Bg2
c5 9. d3 Ngf6 10. a4 b4 11. Nd1 Bd5 12. Qc2 b3 13. Qd2 e6 14. O-O Be7 15. Ne3
O-O 16. Qd1 Bxf3 17. Bxf3 Ne5 18. Bg2 Qd7 19. Bd2 Nc6 20. Bc3 Nd5 21. Bd2 Nd4
22. a5 Nxe3 23. Bxe3 Nc2 24. Rc1 Rb5 25. Bd2 Bf6 26. Rb1 Rd8 27. Qc1 h6 28. Be4
Qc7 29. e3 Nb4 30. Bxb4 Rxb4 31. Ra1 c4 32. d4 Rc8 33. Qc3 Rb5 34. Ra4 e5 35. d5
Bd8 36. Rc1 Rc5 37. Qb4 Rb8 38. Qc3 Rbb5 39. Rxc4 Rxa5 40. Rxc5 1-0

[Event "European Blitz 2022"]
[Site "Katowice POL"]
[Date "2022.12.16"]
[Round "18.26"]
[White "Karolczuk, Iwo"]
[Black "Mastrovasilis, Dimitrios"]
[Result "1-0"]
[WhiteTitle "FM"]
[BlackTitle "GM"]
[WhiteElo "2327"]
[BlackElo "2605"]
[WhiteFideId "21816972"]
[BlackFideId "4202694"]
[EventDate "2022.12.16"]

1. e4 c5 2. Nc3 a6 3. g3 b5 4. Bg2 Bb7 5. d3 Nf6 6. f4 e6 7. Nh3 d6 8. O-O Nc6
9. f5 b4 10. Ne2 e5 11. Nf2 h5 12. c4 bxc3 13. bxc3 Be7 14. h3 Rb8 15. Be3 Nh7
16. h4 Nf6 17. Rb1 Qa5 18. Qd2 O-O 19. Bf3 Ba8 20. Bg5 c4 21. Bxf6 Bxf6 22. Bxh5
cxd3 23. Qxd3 Rxb1 24. Rxb1 Qxa2 25. Ng4 Bd8 26. Rf1 Qa3 27. f6 Qc5+ 28. Kh2 g6
29. Qd2 Qc4 30. Qh6 Qxe2+ 31. Nf2 Bxf6 32. Bxe2 Bg7 33. Qe3 a5 34. Ng4 Ne7 35.
Bc4 a4 36. Qa7 d5 37. Qxe7 dxc4 38. Nxe5 a3 39. Rxf7 1-0

[Event "European Blitz 2022"]
[Site "Katowice POL"]
[Date "2022.12.16"]
[Round "18.27"]
[White "Grabarczyk, Miroslaw"]
[Black "Azarov, Sergei"]
[Result "1/2-1/2"]
[WhiteTitle "GM"]
[BlackTitle "GM"]
[WhiteElo "2337"]
[BlackElo "2562"]
[WhiteFideId "1101684"]
[BlackFideId "13501470"]
[EventDate "2022.12.16"]

1. d4 Nf6 2. c4 e6 3. Nf3 d5 4. g3 dxc4 5. Qa4+ Nbd7 6. Qxc4 a6 7. Bf4 Nd5 8.
Bg5 Be7 9. Bxe7 Nxe7 10. Bg2 b5 11. Qc2 Bb7 12. Nbd2 h6 13. O-O O-O 14. Rfc1 Rc8
15. Ng5 hxg5 16. Bxb7 Rb8 17. Qxc7 Nf6 18. Nb3 Nf5 19. Bxa6 Nxd4 20. Qxd8 Rfxd8
21. Nxd4 Rxd4 22. Rc8+ Rxc8 23. Bxc8 Rd2 24. b4 Nd5 25. a4 bxa4 26. Rxa4 Rxe2
27. Bb7 Rb2 28. Bxd5 exd5 29. Ra5 1/2-1/2

[Event "European Blitz 2022"]
[Site "Katowice POL"]
[Date "2022.12.16"]
[Round "18.28"]
[White "Tregubov, Pavel V."]
[Black "Ondozi, Murtez"]
[Result "1/2-1/2"]
[WhiteTitle "GM"]
[BlackTitle "FM"]
[WhiteElo "2553"]
[BlackElo "2406"]
[WhiteFideId "4115341"]
[BlackFideId "937576"]
[EventDate "2022.12.16"]

1. e4 c6 2. Nf3 d5 3. Nc3 dxe4 4. Nxe4 Nf6 5. Qe2 Nxe4 6. Qxe4 Nd7 7. Bc4 Nf6 8.
Ne5 e6 9. Qf4 Bd6 10. d4 O-O 11. O-O Qc7 12. Re1 c5 13. dxc5 Qxc5 14. Bd3 Qc7
15. Qg3 g6 16. Bh6 Re8 17. Rad1 Bd7 18. Nxd7 Nxd7 19. Qh4 Be7 20. Qh3 Bf6 21. c3
a6 22. Qf3 Bg7 23. Be4 Bxh6 1/2-1/2